Missing Countries on a Map - E - Statistics

General Stats
  • This quiz has been taken 6,547 times
  • The average score is 99 of 109
Answers on the Map
Answers color-coded by a green-red scale on the quiz's map according to % correct below.
 
Answer Stats
Initial Country % Correct
C Canada
100%
B Brazil
99%
C China
98%
R Russia
98%
B Bolivia
97%
C Colombia
97%
F Finland
97%
I India
97%
N Norway
97%
P Panama
97%
P Paraguay
97%
A Australia
96%
I Iran
96%
I Iraq
96%
I Italy
96%
K Kazakhstan
96%
M Mongolia
96%
P Poland
96%
P Portugal
96%
S South Africa
96%
S Spain
96%
U Uruguay
96%
A Austria
95%
C Chad
95%
L Libya
95%
P Pakistan
95%
S Sudan
95%
A Afghanistan
94%
G Guyana
94%
H Hungary
94%
J Japan
94%
L Laos
94%
L Latvia
94%
M Mali
94%
M Morocco
94%
O Oman
94%
R Romania
94%
S Saudi Arabia
94%
S South Sudan
94%
B Bulgaria
93%
C Costa Rica
93%
H Haiti
93%
H Honduras
93%
L Lithuania
93%
N Nicaragua
93%
T Thailand
93%
Z Zambia
93%
A Angola
92%
C Croatia
92%
C Cuba
92%
N Namibia
92%
S Slovakia
92%
B Botswana
91%
F Fiji
91%
G Ghana
91%
J Jamaica
91%
J Jordan
91%
K Kosovo
91%
M Mauritania
91%
M Moldova
91%
M Myanmar
91%
T Tanzania
91%
T Togo
91%
U Uganda
91%
A Albania
90%
C Cambodia
90%
R Rwanda
90%
T Tunisia
90%
B Bahamas
89%
B Bhutan
89%
K Kyrgyzstan
89%
Q Qatar
89%
S Syria
89%
T Tajikistan
89%
A Andorra
87%
B Burkina Faso
87%
G Gabon
87%
K Kiribati
87%
M Madagascar
87%
M Malawi
87%
M Malta
87%
B Burundi
86%
N Nauru
86%
P Palau
86%
T Tuvalu
86%
V Vanuatu
86%
V Vatican City
86%
K Kuwait
85%
M Malaysia
85%
M Marshall Islands
85%
M Mauritius
85%
S Samoa
85%
S Solomon Islands
85%
T Tonga
85%
C Comoros
84%
D Djibouti
83%
M Monaco
83%
S Somalia
83%
S Sri Lanka
83%
A Antigua and Barbuda
82%
B Bahrain
82%
B Barbados
82%
C Cyprus
82%
D Dominica
82%
S San Marino
82%
G Gambia
81%
T Taiwan
81%
T Trinidad and Tobago
81%
S Saint Lucia
80%
No matching quizzes found
Score Distribution
Percent of People with Each Score
Percentile by Number Answered
Your Score History
You have not taken this quiz